000 00592nam a2200205Ia 4500
003 OSt
005 20250927100225.0
008 210210b1980 xxu||||| |||| 00| 0 eng d
040 _cAL
041 _aTulu
082 _a398.2K SAMY
100 _aSAMAGA MALPE (Ba).
_9151574
_dಸಾಮಗ ಮಲ್ಪೆ (ಬಾ)
245 _aYakshagana talamaddale
_bಯಕ್ಷಗಾನ ತಾಳಮದ್ದಳೆ
260 _aMalpe.
_bTulunad Pragati Prakashanalaya.,
_c1980
300 _a13
650 _aYakshagana
_9151575
690 _aYakshagana
_9151575
906 _a035139
942 _2ddc
_cBK
999 _c85910
_d85910